Les xG du top 5 Européen - Statistiques

Statistiques générales
  • Ce quiz a été pris 39 fois
  • Le résultat moyen est 10 sur 20
Statistiques - réponses
Championnat xG Club % Correct
Bundesliga 73.94 FC Bayern Munich
97%
La Liga 69.36 FC Barcelone
85%
Serie A 58.50 Inter Milan
82%
Ligue 1 62.80 Paris-Saint-Germain
79%
Ligue 1 45.40 Olympique de Marseille
69%
Premier League 72.90 Liverpool FC
64%
Premier League 55.86 Arsenal FC
62%
Premier League 59.42 Chelsea FC
59%
Ligue 1 50.40 AS Monaco
56%
Ligue 1 40.50 Olympique Lyonnais
51%
Ligue 1 32.40 Stade Rennais FC
51%
Ligue 1 33.20 Toulouse FC
51%
Ligue 1 41.80 OGC Nice
46%
Ligue 1 37.00 RC Lens
44%
Ligue 1 34.70 RC Strasbourg
44%
La Liga 62.05 Real Madrid
41%
Ligue 1 40.50 Lille OSC
26%
Ligue 1 32.10 Stade Brestois 29
21%
Premier League 58.85 AFC Bournemouth
8%
Serie A 62.14 Atalanta BC
3%
Aucun quiz correspondant
Distribution des résultats
% des personnes avec chaque résultat
Percentile par nombre de réponses
Votre historique - résultats
Vous n’avez pas pris ce quiz